[Event "AUTO-INT-3446"]
[Site "http://www.queenalice.com/game.php?id=1611306"]
[Date "2020.5.8"]
[Round "2"]
[White "NetoJA"]
[Black "marcoswerneck"]
[Result "1-0"]
[WhiteElo "1639"]
[BlackElo "1828"]

1. d4 d5 2. c4 c6 3. Nc3 e6 4. Nf3 dxc4 5. a4 h6 6. e4 Be7 7. Bxc4 Bd7 8. O-O
Qc7 9. e5 g5 10. h3 f6 11. Re1 f5 12. Nh2 Qb6 13. Be2 Na6 14. Bh5+ Kd8 15. Rb1
Be8 16. Bxe8 Kxe8 17. f4 Nb4 18. Be3 Qc7 19. Qh5+ Kd7 20. fxg5 Rf8 21. Nf3 Kc8
22. g6 Bd8 23. Bg5 Qg7 24. Ne2 Nd5 25. Bxd8 Kxd8 26. b4 Nde7 27. Nh4 Nd5 28. b5
c5 29. g3 Ne3 30. Nf4 cxd4 31. Nxe6+ Kd7 32. Nxg7 Rc8 33. Nhxf5 Nd5 34. Nxd4
Nge7 35. e6+ Kc7 36. Rbc1+ Kb8 37. Ngf5 Rcd8 38. Nxe7 Nxe7 39. Nf5 Nxf5 40. Qxf5
h5 41. e7 Rde8 42. Rcd1 Kc7 43. Qc5+ 1-0

[Event "AUTO-INT-3446"]
[Site "http://www.queenalice.com/game.php?id=1611307"]
[Date "2020.5.8"]
[Round "2"]
[White "marcoswerneck"]
[Black "NetoJA"]
[Result "1-0"]
[WhiteElo "1801"]
[BlackElo "1648"]

1. e4 e5 2. d3 Nf6 3. a3 d5 4. Be2 dxe4 5. dxe4 Bd6 6. Nc3 Nc6 7. Nf3 O-O 8. Be3
Be6 9. h3 Qe7 10. O-O Rfd8 11. Qc1 Bc5 12. b4 Bxe3 13. Qxe3 Nd4 14. Nxd4 exd4
15. Qd2 dxc3 16. Qe3 Rd2 17. Bd3 a6 18. Qd4 Nxe4 19. f3 Rd8 20. Qxe4 f5 21. Qxb7
Bc8 22. Qc6 Qe5 23. Rfe1 Qg3 24. Re8+ Kf7 25. Bc4+ 1-0

[Event "Brasileirão-2"]
[Site "http://www.queenalice.com/game.php?id=1615819"]
[Date "2020.6.9"]
[Round "5"]
[White "NetoJA"]
[Black "kanibal"]
[Result "1-0"]
[WhiteElo "1774"]
[BlackElo "1578"]

1. d4 d5 2. c4 dxc4 3. Nc3 Nf6 4. Bg5 Nc6 5. e3 h6 6. Bxf6 exf6 7. Nf3 Bb4 8.
Bxc4 O-O 9. O-O Bg4 10. Rc1 Bxf3 11. Qxf3 a6 12. a3 Bxc3 13. Rxc3 Na5 14. Bd3 c6
15. b4 c5 16. bxa5 cxd4 17. exd4 Qxd4 18. Rc7 b5 19. Rd1 Qb2 20. Be4 Rae8 21. g3
Qe5 22. Rdd7 Qxe4 23. Qxe4 Rxe4 24. Ra7 Ra4 25. Rxa6 Rxa3 26. Rb7 Rb3 27. Rab6
Ra8 28. Rxb5 Rxb5 29. Rxb5 g5 30. Kf1 Kg7 31. Ke2 f5 32. Kd3 f6 33. Rxf5 Kg6 34.
g4 Rd8+ 35. Kc4 Rd2 36. a6 Ra2 37. Kb5 Rb2+ 38. Kc6 h5 39. h3 Rb3 40. f3 hxg4
41. hxg4 Ra3 42. Kb6 Rb3+ 43. Rb5 Rxf3 44. a7 Rg3 45. a8=Q Rxg4 46. Qg8+ Kh5 47.
Qh7# 1-0

[Event "AUTO-INT-3527"]
[Site "http://www.queenalice.com/game.php?id=1617530"]
[Date "2020.6.22"]
[Round "2"]
[White "Danado"]
[Black "NetoJA"]
[Result "0-1"]
[WhiteElo "1600"]
[BlackElo "1712"]

1. e4 Nf6 2. Nc3 d5 3. d3 c6 4. Bf4 Bg4 5. Be2 Bxe2 6. Qxe2 e6 7. Bxb8 Rxb8 8.
e5 Nd7 9. d4 c5 10. Nf3 cxd4 11. Nxd4 Bb4 12. Qd3 Nxe5 13. Qe3 Nc4 14. Qc1 Bxc3+
15. bxc3 O-O 16. O-O Rc8 17. Ne2 Qa5 18. a4 Nd6 19. Rd1 Ne4 20. Qd2 Rc4 21. Ra3
Nxd2 22. Rxd2 Rxa4 23. Rb3 Ra1+ 0-1

[Event "AUTO-INT-3527"]
[Site "http://www.queenalice.com/game.php?id=1617531"]
[Date "2020.6.22"]
[Round "2"]
[White "NetoJA"]
[Black "Danado"]
[Result "1-0"]
[WhiteElo "1724"]
[BlackElo "1633"]

1. e4 e5 2. Nf3 d6 3. d4 Bg4 4. dxe5 Bxf3 5. Qxf3 dxe5 6. Bc4 Nf6 7. Qb3 Qd7 8.
Nc3 Bc5 9. Qxb7 Qd4 10. Bxf7+ Kxf7 11. Be3 Qd6 12. Bxc5 Qc6 13. Qb4 Na6 14. Qb3+
Ke8 15. Be3 Rb8 16. Qa3 Nxe4 17. Nxe4 Qxe4 18. Qxa6 Kf7 19. Qxa7 Rhc8 20. O-O-O
Kg8 21. Qc5 h6 22. f3 Qg6 23. g4 Qf6 24. Qd5+ Qf7 25. Qxf7+ Kxf7 26. Rd7+ Kg6
27. f4 exf4 28. Bxf4 Rb4 29. Rf1 h5 30. gxh5+ Kxh5 31. Rxg7 Rf8 32. Rg5+ Kh4 33.
Bg3+ Kxg5 34. Rxf8 Rc4 35. Rc8 1-0

[Event "AUTO-INT-3527"]
[Site "http://www.queenalice.com/game.php?id=1617534"]
[Date "2020.6.22"]
[Round "2"]
[White "NetoJA"]
[Black "bishoprknight"]
[Result "1-0"]
[WhiteElo "1747"]
[BlackElo "1699"]

1. e4 c5 2. Nf3 d6 3. d3 Nc6 4. Nc3 Nf6 5. Bg5 e6 6. g3 Be7 7. Bg2 O-O 8. O-O h6
9. Be3 b6 10. e5 dxe5 11. Nxe5 1-0

[Event "AUTO-INT-3527"]
[Site "http://www.queenalice.com/game.php?id=1617535"]
[Date "2020.6.22"]
[Round "2"]
[White "bishoprknight"]
[Black "NetoJA"]
[Result "0-1"]
[WhiteElo "1685"]
[BlackElo "1761"]

1. e4 Nf6 2. e5 Nd5 3. d4 d6 4. c4 Nb6 5. Nf3 Bg4 6. a4 dxe5 7. h3 Bxf3 8. Qxf3
exd4 9. Qxb7 N8d7 10. Qe4 e5 11. Bf4 Qf6 0-1

[Event "AUTO-ADV-4402"]
[Site "http://www.queenalice.com/game.php?id=1627452"]
[Date "2020.9.19"]
[Round "1"]
[White "Esvir"]
[Black "NetoJA"]
[Result "1-0"]
[WhiteElo "1972"]
[BlackElo "1798"]

1. d4 Nf6 2. Nf3 d5 3. c4 dxc4 4. Qa4+ Nc6 5. Qxc4 Bg4 6. Ng5 e6 7. e3 h6 8. Nf3
Bxf3 9. gxf3 Bb4+ 10. Nc3 Qd7 11. a3 Ba5 12. b4 Bb6 13. Bh3 O-O 14. Bb2 a6 15.
Ne2 Nh7 16. Qd3 Ng5 17. Bg4 Qd6 18. Qc3 Ne7 19. d5 f6 20. dxe6 Nxe6 21. Qc4 f5
22. Bh3 Qd5 23. Qxd5 Nxd5 24. Bxf5 Rxf5 25. e4 Rxf3 26. exd5 Nf4 27. Nd4 Bxd4
28. Bxd4 Nxd5 29. Rg1 Re8+ 30. Kf1 Ne3+ 31. Ke2 Nc2+ 32. Kxf3 Nxd4+ 33. Kg2 Re2
34. Rge1 Rxe1 35. Rxe1 Nc2 36. Re7 Nxa3 37. Rxc7 b6 38. Rc6 a5 39. Rxb6 axb4 40.
Rxb4 Kf7 41. Kg3 Ke6 42. Rf4 Nb5 43. Kg4 Nd6 44. Kh5 Ne8 45. Kg6 Ke7 46. Rf7+
Ke6 47. f4 Kd6 48. f5 Ke5 49. Re7+ Kd6 50. Rxe8 Kd7 51. Re1 Kd6 52. Kxg7 Kd5 53.
f6 1-0

[Event "AUTO-ADV-4402"]
[Site "http://www.queenalice.com/game.php?id=1627453"]
[Date "2020.9.19"]
[Round "1"]
[White "NetoJA"]
[Black "Esvir"]
[Result "0-1"]
[WhiteElo "1807"]
[BlackElo "1981"]

1. e4 e5 2. Nf3 d6 3. d4 Nf6 4. Nc3 exd4 5. Nxd4 c5 6. Nf5 Nc6 7. Bd3 Ne5 8. Bf4
Nxd3+ 9. Qxd3 Bxf5 10. exf5 Be7 11. Nd5 Nxd5 12. Qxd5 b6 13. O-O O-O 14. Rfe1
Qd7 15. Re3 Rac8 16. Rd1 Rc6 17. c3 Bf6 18. b4 Rd8 19. b5 Rc7 20. Bxd6 Qxb5 21.
Qf3 Rcd7 22. Red3 Bxc3 23. Rxc3 Rxd6 24. Rcc1 Rxd1+ 25. Rxd1 Rxd1+ 26. Qxd1 Kf8
27. Qd8+ Qe8 28. Qd6+ Qe7 29. Qb8+ Qe8 30. Qd6+ Kg8 31. g4 Qe1+ 32. Kg2 Qe4+ 33.
f3 Qe2+ 34. Kg3 g6 35. f6 h6 36. Qd8+ Kh7 37. Qf8 Qe5+ 38. f4 Qxf6 39. h4 Qc3+
40. Kf2 Qd2+ 41. Kf3 Qxa2 42. g5 Qb3+ 43. Ke4 Qe6+ 44. Kf3 hxg5 45. hxg5 c4 0-1

[Event "AUTO-ADV-4402"]
[Site "http://www.queenalice.com/game.php?id=1627468"]
[Date "2020.9.19"]
[Round "1"]
[White "NetoJA"]
[Black "Boeing"]
[Result "0-1"]
[WhiteElo "1764"]
[BlackElo "1916"]

1. e4 e5 2. Nf3 d6 3. d4 exd4 4. Nxd4 Nf6 5. Bg5 Be7 6. Nf5 Bxf5 7. exf5 O-O 8.
Nc3 c6 9. Qd2 d5 10. a4 Ne4 11. Nxe4 dxe4 12. Bxe7 Qxe7 13. O-O-O Na6 14. Bxa6
bxa6 15. Rde1 Rfd8 16. Qf4 Rd4 17. Qg3 Rxa4 18. f3 Ra1+ 19. Kd2 Qb4+ 20. Ke3
Qc5+ 21. Kf4 Qd6+ 22. Kxe4 Re8+ 0-1

[Event "AUTO-ADV-4402"]
[Site "http://www.queenalice.com/game.php?id=1627469"]
[Date "2020.9.19"]
[Round "1"]
[White "Boeing"]
[Black "NetoJA"]
[Result "1-0"]
[WhiteElo "1911"]
[BlackElo "1754"]

1. e4 d6 2. Bc4 Nf6 3. d3 g6 4. Bg5 h6 5. Bxf6 exf6 6. Nf3 Bg7 7. O-O f5 8. c3
fxe4 9. dxe4 O-O 10. Re1 Bg4 11. h3 Bh5 12. g4 Bxg4 13. hxg4 Kh7 14. Kg2 Nc6 15.
Rh1 Ne5 16. Bb3 Nxf3 17. Qxf3 f6 18. Nd2 a5 19. Nc4 b5 20. Ne3 c5 21. Rad1 c4
22. Bc2 Kg8 23. b3 Rc8 24. e5 fxe5 25. Qd5+ Rf7 26. Bxg6 Qf6 27. Bxf7+ Qxf7 28.
Qxb5 Rf8 29. Nf5 Qg6 30. Ne7+ 1-0

[Event "AUTO-ADV-4402"]
[Site "http://www.queenalice.com/game.php?id=1627470"]
[Date "2020.9.19"]
[Round "1"]
[White "NetoJA"]
[Black "Aristoteles"]
[Result "1-0"]
[WhiteElo "1782"]
[BlackElo "1709"]

1. e4 e5 2. Nf3 d6 3. d4 Nc6 4. dxe5 dxe5 5. Qxd8+ Kxd8 6. Nc3 Nf6 7. Bg5 Be7 8.
O-O-O+ Bd7 9. Nd5 Nxd5 10. exd5 f6 11. dxc6 bxc6 12. Bh4 Bd6 13. Bg3 Re8 14. Bd3
h6 15. Nh4 e4 16. Ba6 Bxg3 17. hxg3 Re7 18. Bb7 Rb8 19. Bxc6 Ke8 20. Bxd7+ Rxd7
21. Rxd7 Kxd7 22. Nf5 g6 23. Nxh6 Rh8 24. Rh2 Ke7 25. Ng4 Rd8 26. Rh6 f5 27. Ne5
g5 28. Nc6+ Kd7 29. Nxd8 Kxd8 30. Rh5 f4 31. g4 e3 32. fxe3 fxe3 33. Rxg5 e2 34.
Re5 c5 35. Rxe2 a5 36. g5 Kd7 37. g6 1-0

[Event "AUTO-ADV-4402"]
[Site "http://www.queenalice.com/game.php?id=1627471"]
[Date "2020.9.19"]
[Round "1"]
[White "Aristoteles"]
[Black "NetoJA"]
[Result "0-1"]
[WhiteElo "1687"]
[BlackElo "1795"]

1. e4 d6 2. d4 Nf6 3. Nc3 g6 4. Bf4 Bg7 5. Bc4 O-O 6. d5 c5 7. Nf3 b5 8. Bxb5
Qa5 9. Bd2 Nxe4 10. Bd3 Nf6 11. O-O a6 12. Ne4 Qc7 13. Bc3 Nbd7 14. Nxf6+ Nxf6
15. Bc4 Re8 16. h3 e6 17. Re1 e5 18. Qd2 Bb7 19. a3 e4 20. Nh2 Nd7 21. Bxg7 Kxg7
22. Qf4 f5 23. Re3 Nf6 24. Rd1 Qe7 25. Rde1 Nh5 26. Qg3 Nxg3 27. Rxg3 h5 28. Nf1
f4 29. Rb3 Rab8 30. f3 e3 31. Nd2 exd2 32. Rxe7+ Rxe7 33. Rd3 Re1+ 34. Kf2 d1=Q
35. Rxd1 Rxd1 36. Ke2 Rh1 37. g4 fxg3 38. f4 g2 0-1

[Event "AUTO-INT-3526"]
[Site "http://www.queenalice.com/game.php?id=1631533"]
[Date "2020.11.1"]
[Round "2"]
[White "SamuraiJOM"]
[Black "NetoJA"]
[Result "1-0"]
[WhiteElo "1580"]
[BlackElo "1789"]

1. e4 d6 2. d4 Nf6 3. Nc3 g6 4. Nf3 Bg7 5. Bc4 O-O 6. h3 Nxe4 7. d5 Nxc3 8. bxc3
Bxc3+ 9. Bd2 Bxa1 10. Qxa1 Bf5 11. Bb3 Nd7 12. Bh6 Nf6 13. O-O Re8 14. Ng5 b5
15. Re1 a5 16. a4 bxa4 17. Bxa4 Qb8 18. Bxe8 Qxe8 19. c4 e5 20. Kf1 Bd3+ 21. Kg1
Bxc4 22. f4 e4 23. Qxf6 Qe5 24. fxe5 1-0

[Event "AUTO-INT-3526"]
[Site "http://www.queenalice.com/game.php?id=1631534"]
[Date "2020.11.1"]
[Round "2"]
[White "NetoJA"]
[Black "SamuraiJOM"]
[Result "1-0"]
[WhiteElo "1743"]
[BlackElo "1628"]

1. e4 e5 2. Nf3 Nc6 3. d4 Bd6 4. d5 Nce7 5. Bd3 Nf6 6. O-O h6 7. Nc3 a6 8. a4
O-O 9. a5 c6 10. Bc4 b6 11. axb6 Bb7 12. Be3 c5 13. Na4 Qc8 14. Nd2 g5 15. g4 a5
16. Ba2 Ng6 17. c4 Re8 18. f3 Kh8 19. Nb3 Nf4 20. Nbxc5 Bxc5 21. Nxc5 d6 22. Na4
h5 23. Bxf4 gxf4 24. Rc1 hxg4 25. fxg4 Nxg4 26. Kh1 Kg7 27. Rg1 Kf6 28. Rxg4 Rh8
29. Qe2 Qe8 30. Rcg1 Qxa4 31. b3 Qe8 32. R1g2 Bc8 33. Rg7 Ke7 34. Qf2 Ba6 35. c5
dxc5 36. Qxc5+ Kf6 37. Qd6+ Qe6 38. dxe6 1-0

[Event "AUTO-INT-3526"]
[Site "http://www.queenalice.com/game.php?id=1631539"]
[Date "2020.11.1"]
[Round "2"]
[White "NetoJA"]
[Black "byyonico"]
[Result "0-1"]
[WhiteElo "1765"]
[BlackElo "1609"]

1. e4 c5 2. Nc3 e6 3. Bc4 Nc6 4. a3 a6 5. d3 b5 6. Ba2 Be7 7. Nf3 d6 8. O-O Nd4
9. Be3 Nf6 10. Nxd4 cxd4 11. Bxd4 O-O 12. e5 dxe5 13. Bxe5 Bb7 14. Ne2 Nh5 15.
Ng3 Nxg3 16. Bxg3 Rc8 17. c4 Bf6 18. Qe2 Re8 19. Rab1 Qd7 20. c5 Rxc5 21. Rbd1
Qc6 22. f3 Qb6 23. Kh1 Qc6 24. Qd2 Rc2 25. Qf4 Bxb2 26. Qd6 Qc3 27. Qb6 Bc8 28.
Bb1 Re2 29. Rf2 Re1+ 30. Rf1 Rxf1+ 31. Rxf1 Bxa3 32. d4 Qc4 33. Re1 Bb4 34. Rg1
g6 35. Be5 Kf8 36. Bf6 Be7 37. Bxe7+ Rxe7 0-1

[Event "AUTO-INT-3526"]
[Site "http://www.queenalice.com/game.php?id=1631540"]
[Date "2020.11.1"]
[Round "2"]
[White "byyonico"]
[Black "NetoJA"]
[Result "0-1"]
[WhiteElo "1606"]
[BlackElo "1754"]

1. d4 d6 2. e4 Nf6 3. Nc3 g6 4. Nf3 Bg7 5. Bc4 O-O 6. O-O Nxe4 7. Be3 Nxc3 8.
bxc3 d5 9. Bb3 e6 10. Ne5 Nd7 11. Bf4 f6 12. Qe2 fxe5 13. Bxe5 Nf6 14. f3 a5 15.
a4 b6 16. Qb5 Ba6 17. Qc6 Qd7 18. Qxd7 Nxd7 19. Bxg7 Kxg7 20. Rae1 Bxf1 21. Kxf1
Rf6 22. c4 c6 23. cxd5 cxd5 24. c4 dxc4 25. Bxc4 Nf8 26. Rd1 Rc8 27. Bb5 Rc2 28.
h3 Kh6 29. d5 exd5 30. Rxd5 Rb2 31. Rd8 Kg5 32. Re8 Kf4 33. Re2 Rxe2 34. Kxe2
Kg3 35. Kf1 Rd6 36. Ke2 Kxg2 37. Ke3 Kxh3 38. Ke4 Kg3 39. Ke5 Rd2 40. f4 Nd7+
41. Ke4 Nf6+ 42. Ke5 Ng4+ 43. Ke4 h5 44. Be8 Re2+ 45. Kd5 Rxe8 46. Kc6 Re6+ 47.
Kb5 h4 48. Ka6 h3 49. Kb7 h2 50. Kc7 h1=Q 51. Kd7 Qc6+ 52. Kd8 Re8# 0-1

[Event "AUTO-INT-3526"]
[Site "http://www.queenalice.com/game.php?id=1631541"]
[Date "2020.11.1"]
[Round "2"]
[White "NetoJA"]
[Black "belzinha"]
[Result "1-0"]
[WhiteElo "1715"]
[BlackElo "1424"]

1. e4 e5 2. Nf3 Nc6 3. d4 d6 4. dxe5 Be6 5. Bb5 a6 6. Bxc6+ bxc6 7. Bg5 Be7 8.
Bxe7 Nxe7 9. exd6 Qxd6 10. Nc3 Qxd1+ 11. Rxd1 O-O 12. O-O Bc4 13. Rfe1 h6 14.
Rd7 Ng6 15. Rxc7 Rac8 16. Rxc8 Rxc8 17. Na4 Nf4 18. Nb6 Rb8 19. Nxc4 Re8 20. Nd6
Re6 21. Nf5 c5 22. a3 c4 23. N5d4 Rg6 24. g3 Nh3+ 25. Kf1 a5 26. e5 Ng5 27. Nxg5
Rxg5 28. f4 Rh5 29. Kg2 a4 30. Nb5 Kh7 31. Nc3 g5 32. g4 Rh4 33. Kg3 Kg6 34. Ne2
h5 35. h3 hxg4 36. hxg4 Rh8 37. Nc3 Re8 38. Nxa4 gxf4+ 39. Kxf4 Re6 40. Re4 Rc6
41. b3 cxb3 42. cxb3 Rc1 43. b4 Rf1+ 44. Ke3 Re1+ 45. Kf3 Rf1+ 46. Ke2 Ra1 47.
Re3 Ra2+ 48. Kf3 Ra1 49. b5 Rb1 50. b6 Rf1+ 51. Kg2 Rf4 52. Nc5 Rxg4+ 53. Rg3
Kg5 54. Rxg4+ Kxg4 55. b7 1-0

[Event "AUTO-INT-3526"]
[Site "http://www.queenalice.com/game.php?id=1631542"]
[Date "2020.11.1"]
[Round "2"]
[White "belzinha"]
[Black "NetoJA"]
[Result "0-1"]
[WhiteElo "1375"]
[BlackElo "1713"]

1. e4 d6 2. d4 Nf6 3. Bd3 g6 4. Nf3 Bg7 5. Bf4 O-O 6. O-O c5 7. c3 b5 8. Bxb5
Nxe4 9. dxc5 Nxc5 10. h3 Qb6 11. Na3 Nba6 12. Bxa6 Bxa6 13. Re1 Ne6 14. Qd2 Nxf4
15. Qxf4 Qxb2 16. Qc1 Qxc3 17. Rb1 Qxc1 18. Rbxc1 Rfc8 19. Rxc8+ Rxc8 20. Rxe7
Rc3 21. Re3 Rxe3 22. fxe3 Bd3 23. Ne1 Bf5 24. Nb5 Be6 25. Nxd6 Bxa2 26. Nb5 a5
27. Nc2 a4 28. Kf2 Bb3 29. Ncd4 Bxd4 30. exd4 Bc4 31. Na3 Bb3 32. Ke3 Kf8 33.
Kf4 h5 34. h4 Ke7 35. g4 hxg4 36. Kxg4 Kd6 37. Kf4 Kd5 38. Ke3 f6 39. Nb5 Bc2
40. Kd2 Bb3 41. Kd3 Bc4+ 42. Kc3 Bxb5 43. Kb4 Be8 44. Kc3 f5 45. Kc2 Kxd4 0-1

[Event "Brechtien"]
[Site "http://www.queenalice.com/game.php?id=1641687"]
[Date "2021.1.27"]
[Round "4"]
[White "diegem"]
[Black "NetoJA"]
[Result "1-0"]
[WhiteElo "2016"]
[BlackElo "1719"]

1. e4 d6 2. d4 Nf6 3. Nc3 g6 4. Nf3 Bg7 5. Be2 O-O 6. O-O c5 7. Be3 cxd4 8. Bxd4
Nc6 9. Bxf6 Bxf6 10. Rb1 a6 11. Nd5 Bg7 12. c3 e6 13. Ne3 Ne5 14. Nc4 Nxc4 15.
Bxc4 b5 16. Bd3 d5 17. exd5 Qxd5 18. a3 Bb7 19. Qe2 Qh5 20. Be4 Rab8 21. Qe3
Bxe4 22. Qxe4 a5 23. Nd4 Bxd4 24. Qxd4 Qd5 25. Qf6 Qf5 26. Qxf5 exf5 27. Rfc1
Rfc8 28. h3 b4 29. axb4 axb4 30. c4 Kg7 31. b3 Kf6 32. Kf1 Ke5 33. Rd1 Rd8 34.
Ke2 Ke4 35. f3+ Ke5 36. Rxd8 Rxd8 37. Ra1 Kd6 38. Rd1+ Kc7 39. Rxd8 Kxd8 40. Kd3
Kc7 41. Kd4 Kd6 42. c5+ Kc6 43. Kc4 f6 44. Kxb4 g5 45. Kc4 h5 46. b4 g4 47. hxg4
fxg4 48. fxg4 hxg4 49. b5+ Kc7 50. Kd5 1-0

[Event "Challenge"]
[Site "http://www.queenalice.com/game.php?id=1644469"]
[Date "2021.2.22"]
[Round "-"]
[White "zmanomega"]
[Black "NetoJA"]
[Result "1-0"]
[WhiteElo "1609"]
[BlackElo "1734"]

1. e4 e5 2. d4 exd4 3. c3 dxc3 4. Bc4 d6 5. Nxc3 Nf6 6. b4 g6 7. Nd5 Bg7 8.
Nxf6+ Bxf6 9. Rb1 Bg7 10. Bxf7+ Kxf7 11. Nf3 Re8 12. Ng5+ Kg8 13. O-O a6 14. Rb3
Bf6 15. Qd5+ Be6 16. Nxe6 Rxe6 17. Qxe6+ Kg7 18. Qh3 Nd7 19. Qh6+ Kh8 20. Rg3
Bg7 21. Qh3 Nf8 22. Bg5 Qd7 23. Rg4 h5 24. Rg3 Qxh3 25. Rxh3 Be5 26. g4 Ne6 27.
Be3 Bf4 28. Bxf4 Nxf4 29. Rf3 Ne2+ 30. Kh1 hxg4 31. Rf7 Rc8 32. Re1 Nc3 33. a3
Kg8 34. Rf4 c5 35. Rxg4 Kf7 36. bxc5 dxc5 37. Rf4+ Kg7 38. e5 Nd5 39. Rf3 b5 40.
e6 Ne7 41. Rf7+ Kg8 42. Rxe7 c4 43. Rg1 c3 44. Rxg6+ Kf8 45. Rf7+ 1-0

[Event "Challenge"]
[Site "http://www.queenalice.com/game.php?id=1774225"]
[Date "2021.11.7"]
[Round "-"]
[White "cristal_negro"]
[Black "NetoJA"]
[Result "1-0"]
[WhiteElo "1925"]
[BlackElo "1715"]

1. e4 d6 2. c3 c5 3. Nf3 Nf6 4. d3 Nc6 5. Nbd2 g6 6. Nb3 b5 7. Be2 Bg7 8. O-O
O-O 9. Qc2 a5 10. Nbd2 Bb7 11. Re1 e6 12. Nf1 Nd7 13. Rb1 d5 14. exd5 exd5 15.
Ne3 Nf6 16. a3 c4 17. d4 Re8 18. b3 Bc8 19. bxc4 Rxe3 20. Bxe3 Bf5 21. Bd3 Bxd3
22. Qxd3 bxc4 23. Qc2 a4 24. Bg5 Qd6 25. Rb6 Ne4 26. Bc1 Nxd4 27. Qb2 Nxf3+ 28.
gxf3 Bxc3 29. Qb5 Qc5 30. Qxc5 Nxc5 31. Rd1 Rd8 32. Bh6 Nd3 33. Ra6 Nb2 34. Rxd5
Re8 35. Rad6 f5 36. Rd7 Bf6 37. Rc7 Be7 38. Re5 Kf7 39. Bg5 Nd3 40. Rexe7+ Rxe7
41. Rxe7+ Kg8 42. Bd2 1-0